| 000 | 01679nam a22003017a 4500 | ||
|---|---|---|---|
| 999 |
_c400368 _d400368 |
||
| 003 | BLK | ||
| 005 | 20250331130258.0 | ||
| 008 | 210309b bu ||||| |||| 00| 0 bu d | ||
| 020 | _a9786191515059 | ||
| 040 | _aBLK | ||
| 041 |
_aBUL _cBUL |
||
| 080 |
_aИздания за деца и юноши. Книжки-картинки. Читанки. Вж и 372.4 _b087.5 _x:398.4(=163.2) _z087.5:398.4(=163.2) |
||
| 080 |
_aСвръхсетивен свят. Шаманизъм. Духове, магьосници, дракони, великани и др. _b398.4 _x(=163.2):087.5 _z398.4(=163.2):087.5 |
||
| 100 |
_91299 _aДимитрова, Кристина Валентинова _eпърви автор |
||
| 139 |
_aДимитрова, Кристина Валентинова _bД 58 |
||
| 245 |
_aБългарски митични създания _bЛегенди, предания, фолклор : енциклопедия _cавт.-състав. Кристина Димитрова ; ил. Калоян Стоянов ; науч. ред., предг. Вихра Баева |
||
| 257 | _aBGR | ||
| 260 |
_9209582 _aСофия _bСофтПрес _c2019 _n978-619-151- ; 978-954-685- |
||
| 300 |
_a80 с. _bс цв. ил. _c29 см |
||
| 380 | _aDN | ||
| 650 | 0 |
_9335759 _aМитология, българска |
|
| 650 | 0 |
_9243025 _aДетска и юношеска литература |
|
| 700 |
_9599 _aСтоянов, Калоян Владимиров _eил. |
||
| 700 |
_9401063 _aБаева, Вихра Господинова _eпредг. |
||
| 852 |
_aЦб ІІ 29765 _bЦб |
||
| 942 |
_cKNG _n0 _s1 _08 |
||
| 944 |
_aCR _c2021-03-09 _k30550 _lКети Илиева |
||